00465nam a22001577a 4500003000900000005001700009008004100026040001300067100003800080245003700118250000600155260002800161300002500189490002400214520006900238IT-RoPau20220918181218.0131203b xxu||||| |||| 00| 0 eng d cIT-RoPau aZambonini, Franca e Cibien, Carlo aGiacomo Alberione. Dicono di lui aI aAlba (Cuneo)bSSPc2003 a156 pp.c21 cmeFoto aSan Paolo - Paoline aIndice Profilo di un beato "Hanno detto di lui" "DIcono di lui"